000 00509nam a2200181Ia 4500
003 GCL
008 140319s9999 xx 000 0 eng d
040 _aGCL /
_cGCL
082 0 4 _a621.402.1
_bE A
100 1 _aEASTOP, T. D.
245 1 0 _aAPPLIED THERMODYNAMICS FOR ENGINEERING TECHNOLOGISTS /
_cEASTOP, T. D.
700 1 _aMC CONKEY, A.
260 _a[S.N] :
_bELBS LONGMAN ،
_c1994
300 _a715\P
650 0 4 _aالتحليل الرياضى
650 0 4 _aMECHANICS ENGINEERING
942 _2ddc
_cBK
999 _c19944
_d19944